000 01264cam a2200253 4500
999 _c174652
_d174652
001 1717842
003 Nust
005 20170206114140.0
008 711012r1971 nyu 000 1 eng
010 _a 72167459
020 _a9781853262180
040 _aDLC
_cDLC
_dDLC
050 0 0 _aPZ3.L518
_bMa8
_aPR4879.L7
082 0 0 _a823.8
_bFAN
100 1 _aLe Fanu, Joseph Sheridan,
_d1814-1873.
245 1 0 _aMadam Crowl's ghost,
_band other tales of mystery.
_cCollected and edited by M. R. James.
260 _aFreeport, N.Y.,
_bBooks for Libraries Press
_c1996
300 _aviii, 178 p.
_c21 cm.
490 0 _aShort story index reprint series
505 0 _aMadam Crowl's ghost.--Squire Toby's will.--Dickon the devil.--The child that went with the fairies.--The white cat of Drumgunniol.--Some strange disturbances in an old house in Aungier Street.--Ghost stories of Chapelizod.--Wicked Captain Walshawe, of Wauling.--Sir Dominick's bargain: a legend of Dunoran.--Ultor de Lacy.--The vision of Tom Chuff.--Stories of Lough Guir.--Epilogue, biographical and critical, by the editor.
650 0 _aGhost stories, English.
651 0 _aIreland
_xFiction.
906 _a7
_bcbc
_corignew
_d2
_encip
_f19
_gy-gencatlg
942 _2ddc
_cBK